Volver a nacer: la ciencia de la reencarnación

Uloženo v:
Podrobná bibliografie
Hlavní autoři: A.C. Bhaktivedanta Swami Prabhupada, 1896-1977 (autor), Srila Prabhupada (Autor)
Médium: Kniha
Jazyk:španělština
Vydáno: s.l The Bhaktivedanta Book Trust International 1999
Vydání:2a. ed
Témata:
Tagy: Přidat tag
Žádné tagy, Buďte první, kdo vytvoří štítek k tomuto záznamu!

MARC

LEADER 00000nam a2200000 a 4500
001 UCL5502
003 CL-VaPUC
008 040312e19990000sp |||||||||||||||||spa|d
020 |a 8439860498 
082 0 4 |a 294.5  |b ACB  |2 21 
100 |a A.C. Bhaktivedanta Swami Prabhupada,  |d 1896-1977  |e autor  |9 567919 
700 0 |a Srila Prabhupada  |e author  |9 483205 
245 1 0 |a Volver a nacer: la ciencia de la reencarnación 
250 |a 2a. ed 
300 |a 128 p 
942 |c BK 
945 |d 20040312 00:00:00  |a cmena 
260 |a s.l  |b The Bhaktivedanta Book Trust International  |c 1999 
650 0 |a Filosofía hindú  |9 431231 
650 7 |a MITOLOGIA HINDU  |2 CL-VaPUC  |9 483206 
650 0 |a Vida religiosa  |9 257284 
650 7 |a REENCARNACION  |2 CL-VaPUC  |9 483207 
583 |a last modification  |c 20171214 02:08:07  |k Rodrigo Vera 
999 |c 308037  |d 308035 
952 |0 0  |1 0  |4 0  |6 294_500000000000000_ACB_1999  |7 0  |8 A  |9 374251  |a BIBEDU  |b BIBEDU  |d 2019-11-21  |i 390525K  |o 294.5 ACB 1999  |p 390525K  |r 2022-01-17  |w 2019-11-21  |y BK  |k MUS 
952 |0 0  |1 0  |4 0  |6 294_500000000000000_ACB_1999  |7 0  |8 A  |9 374252  |a BIBEDU  |b BIBEDU  |d 2019-11-21  |i 3905268  |o 294.5 ACB 1999  |p 3905268  |r 2022-01-17  |w 2019-11-21  |y BK  |k MUS